States with Most Megachurches Quiz Stats

 Plays Quiz not verified by Sporcle

Challenge
Share
Tweet
Embed
Score 0/15 Timer 02:00
0 Plays Today
Number of Megachurches State % Correct
195Texas
97.1%
195California
96.4%
80Georgia
85.7%
101Florida
84.3%
30New York
82.1%
31Virginia
80%
46Illinois
77.9%
49North Carolina
73.6%
Number of Megachurches State % Correct
53Ohio
71.4%
51Tennessee
69.3%
37Washington
68.6%
39Indiana
66.4%
30Missouri
61.4%
46Michigan
59.3%
34Maryland
45.7%

You're not logged in!

Compare scores with friends on all Sporcle quizzes.
Join for Free
OR
Log In

You Might Also Like...

Show Comments

Extras

Top Quizzes Today


Score Distribution

Your Account Isn't Verified!

In order to create a playlist on Sporcle, you need to verify the email address you used during registration. Go to your Sporcle Settings to finish the process.

Report this User

Report this user for behavior that violates our Community Guidelines.

Details: